000
00272nam a2200133Ia 4500
100
_a
PANDE/S.S.
650
_a
PRODUCTION
942
_c
BK
366
_f
20
245
_a
Computer Graphics
260
_b
NAROSA PUBL.
_a
New Delhi
082
_a
006.6/PAN
546
_a
ENGLISH
999
_c
25042
_d
25042